Najrzadziej odwiedzane Państwa świata - Statystyki

Ogólne statystyki
  • Ten quiz został rozwiązany 29 razy
  • Średni wynik to 4 z 9
Statystyki odpowiedzi
Liczba turystów Odpowiedź % Poprawnych
200 odwiedzających Nauru
69%
500 odwiedzających Somalia
58%
1 200 odwiedzających Tuvalu
58%
17 500 odwiedzających Afganistan
38%
4 700 odwiedzających Kiribati
38%
15 000 odwiedzających Komory
38%
7 000 odwiedzających Turkmenistan
31%
8 000 odwiedzających Wyspy Świętego Tomasza
27%
6 000 odwiedzających Gwinea Równikowa
15%
Nie znaleziono quizów pasujących do podanych kryteriów
Rozkład punktacji
Procent ludzi z każdym wynikiem
Percentyl według liczby udzielonych odpowiedzi
Twoja historia wyników
Nie rozwiązałeś tego quizu